Principles of human physiology / (Record no. 148264)

MARC details
000 -LEADER
campo de control de longitud fija 00624nam a2200181 4500
001 - NÚMERO DE CONTROL
campo de control 148264
003 - IDENTIFICADOR DE NÚMERO DE CONTROL
campo de control ES-MaACL
007 - CAMPO FIJO DE DESCRIPCIÓN FÍSICA--INFORMACIÓN GENERAL
campo de control de longitud fija t|
008 - DATOS DE LONGITUD FIJA--INFORMACIÓN GENERAL
campo de control de longitud fija 070214s1945 xxk r ||||1| eng d
100 1# - ENTRADA PRINCIPAL--NOMBRE DE PERSONA
Nombre de persona Starling, Ernst Heinrich.
9 (RLIN) 107936
245 10 - MENCIÓN DEL TÍTULO
Título Principles of human physiology /
Mención de responsabilidad, etc. by Ernst Heinrich Starling ; the capter of special senses by H. Hartridge.
250 ## - MENCION DE EDICION
Mención de edición 9ª. ed.
Resto de la mención de edición by Charles Lovatt Evans.
260 ## - PUBLICACIÓN, DISTRIBUCIÓN, ETC.
Lugar de publicación, distribución, etc. London :
Nombre del editor, distribuidor, etc. A. Churchil,
Fecha de publicación, distribución, etc. 1945.
300 ## - DESCRIPCIÓN FÍSICA
Extensión X, 1155 p., 111 lám. :
Otras características físicas il. ;
Dimensiones 26 cm.
700 1# - ENTRADA AGREGADA--NOMBRE PERSONAL
Nombre de persona Hartridge, H.
9 (RLIN) 62001
700 1# - ENTRADA AGREGADA--NOMBRE PERSONAL
Nombre de persona Lovatt Evans, Charles.
9 (RLIN) 74345
852 ## - LOCALIZACIÓN
Ubicación ES-MaACL
Número de control de estantería E-1909
Sublocalización o colección R.22736
Holdings
Estatus retirado Estado de pérdida Estado de daño No para préstamo Biblioteca de origen Biblioteca actual Ubicación en estantería Fecha de adquisición Fuente de adquisición Total de préstamos Signatura topográfica completa Código de barras Visto por última vez Precio de reemplazo Tipo de ítem Koha
        Biblioteca del Ateneo de Madrid Biblioteca del Ateneo de Madrid Depósito 2 17/01/2008     E-1909 1154726 23/02/2023 23/02/2023 Libro impreso